[Event "2023 National K-12 Grade Championships"]
[Site "Orlando, Florida, United States"]
[Date "2023.12.16"]
[Round "3.1"]
[White "Huston, Gus"]
[Black "Amaya, Brayan"]
[Result "1-0"]
[TimeControl "G/90;d10"]
[WhiteElo "2481"]
[BlackElo "2034"]

1. d4 {[%clk 01:29:17]} {[%emt 00:00:52]} d5 {[%clk 01:29:30]} {[%emt
00:00:41]} 2. c4 {[%clk 01:29:17]} {[%emt 00:00:04]} c6 {[%clk 01:29:30]}
{[%emt 00:00:05]} 3. Nf3 {[%clk 01:29:17]} {[%emt 00:00:08]} Nf6 {[%clk
01:29:30]} {[%emt 00:00:06]} 4. e3 {[%clk 01:29:17]} {[%emt 00:00:08]} e6
{[%clk 01:27:06]} {[%emt 00:02:33]} 5. Nbd2 {[%clk 01:29:03]} {[%emt 00:00:24]}
Nbd7 {[%clk 01:27:03]} {[%emt 00:00:13]} 6. Bd3 {[%clk 01:29:03]} {[%emt
00:00:05]} Be7 {[%clk 01:23:46]} {[%emt 00:03:27]} 7. O-O {[%clk 01:28:41]}
{[%emt 00:00:33]} O-O {[%clk 01:23:45]} {[%emt 00:00:10]} 8. b3 {[%clk
01:25:36]} {[%emt 00:03:14]} b6 {[%clk 01:22:34]} {[%emt 00:01:21]} 9. Bb2
{[%clk 01:25:29]} {[%emt 00:00:17]} Bb7 {[%clk 01:22:34]} {[%emt 00:00:02]} 10.
Qe2 {[%clk 01:25:13]} {[%emt 00:00:26]} Re8 {[%clk 01:21:29]} {[%emt 00:01:15]}
11. Rfd1 {[%clk 01:24:57]} {[%emt 00:00:26]} Bd6 {[%clk 01:19:44]} {[%emt
00:01:54]} 12. Rac1 {[%clk 01:19:03]} {[%emt 00:06:05]} Qe7 {[%clk 01:19:12]}
{[%emt 00:00:41]} 13. Bb1 {[%clk 01:11:37]} {[%emt 00:07:36]} Ba3 {[%clk
01:12:21]} {[%emt 00:07:01]} 14. Bxa3 {[%clk 01:07:27]} {[%emt 00:04:20]} Qxa3
{[%clk 01:12:21]} {[%emt 00:00:02]} 15. Ne5 {[%clk 01:05:53]} {[%emt 00:01:45]}
Nxe5 {[%clk 01:07:42]} {[%emt 00:04:48]} 16. dxe5 {[%clk 01:05:53]} {[%emt
00:00:02]} Nd7 {[%clk 01:07:42]} {[%emt 00:00:02]} 17. f4 {[%clk 00:56:57]}
{[%emt 00:09:06]} f6 {[%clk 01:00:00]} {[%emt 00:07:52]} 18. Qd3 {[%clk
00:45:46]} {[%emt 00:11:21]} g6 {[%clk 00:58:56]} {[%emt 00:01:00]} 19. cxd5
{[%clk 00:36:07]} {[%emt 00:10:04]} exd5 {[%clk 00:58:31]} {[%emt 00:00:35]} 20.
Nc4 {[%clk 00:35:47]} {[%emt 00:00:29]} Qe7 {[%clk 00:49:15]} {[%emt 00:09:26]}
21. Nd6 {[%clk 00:35:21]} {[%emt 00:00:37]} Nc5 {[%clk 00:49:13]} {[%emt
00:00:12]} 22. Qc3 {[%clk 00:32:10]} {[%emt 00:03:21]} fxe5 {[%clk 00:33:45]}
{[%emt 00:15:37]} 23. Nxe8 {[%clk 00:31:28]} {[%emt 00:00:52]} Rxe8 {[%clk
00:33:45]} {[%emt 00:00:02]} 24. Qxe5 {[%clk 00:29:21]} {[%emt 00:02:20]} Qxe5
{[%clk 00:33:42]} {[%emt 00:00:13]} 25. fxe5 {[%clk 00:29:21]} {[%emt
00:00:02]} Rxe5 {[%clk 00:33:42]} {[%emt 00:00:02]} 26. Kf2 {[%clk 00:26:50]}
{[%emt 00:02:41]} Ne6 {[%clk 00:33:24]} {[%emt 00:00:27]} 27. b4 {[%clk
00:26:37]} {[%emt 00:00:24]} Kf7 {[%clk 00:31:58]} {[%emt 00:01:35]} 28. Rc3
{[%clk 00:24:23]} {[%emt 00:02:24]} Ke7 {[%clk 00:28:43]} {[%emt 00:03:25]} 29.
Ra3 {[%clk 00:23:50]} {[%emt 00:00:44]} a6 {[%clk 00:28:27]} {[%emt 00:00:25]}
30. Bd3 {[%clk 00:23:50]} {[%emt 00:00:09]} Nc7 {[%clk 00:27:59]} {[%emt
00:00:38]} 31. h4 {[%clk 00:22:48]} {[%emt 00:01:11]} Rh5 {[%clk 00:23:12]}
{[%emt 00:04:57]} 32. g3 {[%clk 00:21:35]} {[%emt 00:01:23]} Re5 {[%clk
00:22:46]} {[%emt 00:00:35]} 33. g4 {[%clk 00:19:58]} {[%emt 00:01:48]} Bc8
{[%clk 00:22:15]} {[%emt 00:00:39]} 34. g5 {[%clk 00:19:45]} {[%emt 00:00:25]}
c5 {[%clk 00:21:58]} {[%emt 00:00:27]} 35. bxc5 {[%clk 00:19:05]} {[%emt
00:00:49]} bxc5 {[%clk 00:21:58]} {[%emt 00:00:02]} 36. Rc3 {[%clk 00:16:18]}
{[%emt 00:03:01]} c4 {[%clk 00:21:58]} {[%emt 00:00:03]} 37. Bxc4 {[%clk
00:15:25]} {[%emt 00:01:04]} dxc4 {[%clk 00:19:16]} {[%emt 00:02:51]} 38. Rxc4
{[%clk 00:15:15]} {[%emt 00:00:22]} Nd5 {[%clk 00:19:09]} {[%emt 00:00:16]} 39.
Rxc8 {[%clk 00:14:51]} {[%emt 00:00:35]} Nxe3 {[%clk 00:19:07]} {[%emt
00:00:11]} 40. Rdd8 {[%clk 00:13:58]} {[%emt 00:01:04]} Ng4+ {[%clk 00:17:31]}
{[%emt 00:01:46]} 41. Kg3 {[%clk 00:13:57]} {[%emt 00:00:12]} 1-0

[Event "2023 National K-12 Grade Championships"]
[Site "Orlando, Florida, United States"]
[Date "2023.12.16"]
[Round "3.2"]
[White "Casares, Jose"]
[Black "Lu, Maximillian"]
[Result "0-1"]
[TimeControl "G/90;d10"]
[WhiteElo "2051"]
[BlackElo "2436"]

1. e4 {[%clk 01:22:11]} {[%emt 00:07:59]} c6 {[%clk 01:30:00]} {[%emt
00:00:10]} 2. d4 {[%clk 01:22:11]} {[%emt 00:00:07]} d5 {[%clk 01:30:00]}
{[%emt 00:00:02]} 3. e5 {[%clk 01:22:11]} {[%emt 00:00:09]} a6 {[%clk
01:25:46]} {[%emt 00:04:25]} 4. Bd3 {[%clk 01:21:04]} {[%emt 00:01:17]} c5
{[%clk 01:25:02]} {[%emt 00:00:54]} 5. dxc5 {[%clk 01:21:04]} {[%emt 00:00:09]}
Nc6 {[%clk 01:22:58]} {[%emt 00:02:13]} 6. Bf4 {[%clk 01:18:45]} {[%emt
00:02:29]} e6 {[%clk 01:19:56]} {[%emt 00:03:14]} 7. Nf3 {[%clk 01:18:37]}
{[%emt 00:00:17]} Bxc5 {[%clk 01:19:40]} {[%emt 00:00:27]} 8. O-O {[%clk
01:18:37]} {[%emt 00:00:08]} Nge7 {[%clk 01:18:36]} {[%emt 00:01:15]} 9. Nbd2
{[%clk 01:16:48]} {[%emt 00:01:58]} Ng6 {[%clk 01:15:13]} {[%emt 00:03:31]} 10.
Bg3 {[%clk 01:16:38]} {[%emt 00:00:23]} O-O {[%clk 01:10:06]} {[%emt 00:05:17]}
11. Re1 {[%clk 01:03:50]} {[%emt 00:12:58]} b5 {[%clk 01:01:43]} {[%emt
00:08:33]} 12. a4 {[%clk 00:59:51]} {[%emt 00:04:09]} Bd7 {[%clk 00:59:59]}
{[%emt 00:01:54]} 13. axb5 {[%clk 00:55:21]} {[%emt 00:04:39]} axb5 {[%clk
00:59:20]} {[%emt 00:00:50]} 14. Rxa8 {[%clk 00:53:17]} {[%emt 00:02:14]} Qxa8
{[%clk 00:59:20]} {[%emt 00:00:01]} 15. Bxb5 {[%clk 00:52:53]} {[%emt
00:00:34]} Ncxe5 {[%clk 00:57:01]} {[%emt 00:02:29]} 16. Bxd7 {[%clk 00:50:39]}
{[%emt 00:02:25]} Nxd7 {[%clk 00:57:01]} {[%emt 00:00:02]} 17. Qe2 {[%clk
00:47:23]} {[%emt 00:03:26]} e5 {[%clk 00:42:13]} {[%emt 00:14:57]} 18. Bxe5
{[%clk 00:24:36]} {[%emt 00:22:57]} Re8 {[%clk 00:35:48]} {[%emt 00:06:35]} 19.
Qb5 {[%clk 00:23:55]} {[%emt 00:00:51]} Ngxe5 {[%clk 00:29:24]} {[%emt
00:06:34]} 20. Nxe5 {[%clk 00:23:23]} {[%emt 00:00:42]} Bxf2+ {[%clk 00:24:00]}
{[%emt 00:05:34]} 21. Kxf2 {[%clk 00:23:18]} {[%emt 00:00:14]} Nxe5 {[%clk
00:24:00]} {[%emt 00:00:06]} 22. h3 {[%clk 00:19:15]} {[%emt 00:04:14]} Re6
{[%clk 00:17:42]} {[%emt 00:06:28]} 23. Ra1 {[%clk 00:16:39]} {[%emt 00:02:46]}
Qd8 {[%clk 00:16:37]} {[%emt 00:01:14]} 24. Kg1 {[%clk 00:11:31]} {[%emt
00:05:18]} h5 {[%clk 00:16:17]} {[%emt 00:00:31]} 25. Qa5 {[%clk 00:11:09]}
{[%emt 00:00:32]} Qd6 {[%clk 00:13:20]} {[%emt 00:03:07]} 26. Rd1 {[%clk
00:09:26]} {[%emt 00:01:53]} Nc6 {[%clk 00:09:11]} {[%emt 00:04:18]} 27. Qb5
{[%clk 00:06:32]} {[%emt 00:03:05]} Nd4 {[%clk 00:08:47]} {[%emt 00:00:34]} 28.
Qa5 {[%clk 00:04:57]} {[%emt 00:01:45]} Qg3 {[%clk 00:02:55]} {[%emt 00:06:02]}
29. Nf1 {[%clk 00:03:16]} {[%emt 00:01:51]} Ne2+ {[%clk 00:02:35]} {[%emt
00:00:30]} 30. Kh1 {[%clk 00:03:16]} {[%emt 00:00:10]} Qf2 {[%clk 00:02:35]}
{[%emt 00:00:06]} 31. Qd8+ {[%clk 00:03:02]} {[%emt 00:00:24]} Kh7 {[%clk
00:02:35]} {[%emt 00:00:02]} 32. Qxd5 {[%clk 00:03:02]} {[%emt 00:00:08]} Qg1#
{[%clk 00:02:35]} {[%emt 00:00:02]} 0-1

[Event "2023 National K-12 Grade Championships"]
[Site "Orlando, Florida, United States"]
[Date "2023.12.16"]
[Round "3.3"]
[White "Cruz, Jean Marco"]
[Black "Mutnuri, Krishna"]
[Result "1/2-1/2"]
[TimeControl "G/90;d10"]
[WhiteElo "2270"]
[BlackElo "1973"]

1. d4 {[%clk 01:29:55]} {[%emt 00:00:14]} d5 {[%clk 01:30:00]} {[%emt
00:00:07]} 2. Nf3 {[%clk 01:29:47]} {[%emt 00:00:18]} e6 {[%clk 01:29:43]}
{[%emt 00:00:28]} 3. c3 {[%emt 00:03:11]} Bd6 {[%clk 01:23:20]} {[%emt
00:03:55]} 4. e3 {[%clk 01:28:45]} {[%emt 00:00:48]} Nf6 {[%clk 01:21:19]}
{[%emt 00:02:11]} 5. Bd3 {[%clk 01:28:45]} {[%emt 00:00:06]} Nbd7 {[%clk
01:20:50]} {[%emt 00:00:39]} 6. Nbd2 {[%clk 01:28:43]} {[%emt 00:00:12]} e5
{[%clk 01:14:59]} {[%emt 00:06:01]} 7. dxe5 {[%clk 01:28:43]} {[%emt 00:00:07]}
Nxe5 {[%clk 01:14:59]} {[%emt 00:00:02]} 8. Nxe5 {[%clk 01:28:43]} {[%emt
00:00:07]} Bxe5 {[%clk 01:14:59]} {[%emt 00:00:06]} 9. h3 {[%clk 01:28:42]}
{[%emt 00:00:11]} c6 {[%clk 01:14:28]} {[%emt 00:00:41]} 10. Nf3 {[%clk
01:23:47]} {[%emt 00:05:05]} Bc7 {[%emt 00:05:31]} 11. b3 {[%emt 00:04:58]} O-O
{[%clk 01:04:05]} {[%emt 00:07:08]} 12. Bb2 {[%emt 00:01:48]} Re8 {[%emt
00:06:54]} 13. Qc2 {[%clk 01:10:06]} {[%emt 00:01:23]} h6 {[%clk 00:55:51]}
{[%emt 00:05:45]} 14. a3 {[%emt 00:12:29]} Nd7 {[%clk 00:52:37]} {[%emt
00:01:48]} 15. c4 {[%clk 00:53:08]} {[%emt 00:06:26]} dxc4 {[%clk 00:44:43]}
{[%emt 00:08:02]} 16. Bxc4 {[%clk 00:53:02]} {[%emt 00:00:17]} Ne5 {[%emt
00:13:07]} 17. Rd1 {[%clk 00:35:41]} {[%emt 00:05:26]} Qe7 {[%clk 00:42:48]}
{[%emt 00:01:13]} 18. Nxe5 {[%clk 00:33:35]} {[%emt 00:02:17]} Bxe5 {[%clk
00:42:48]} {[%emt 00:00:06]} 19. O-O {[%clk 00:33:01]} {[%emt 00:00:43]} Bxb2
{[%clk 00:38:14]} {[%emt 00:04:44]} 20. Qxb2 {[%emt 00:04:34]} Be6 {[%clk
00:34:05]} {[%emt 00:00:32]} 21. Bxe6 {[%clk 00:30:47]} {[%emt 00:01:47]} Qxe6
{[%clk 00:30:44]} {[%emt 00:03:31]} 22. Rd4 {[%clk 00:30:47]} {[%emt 00:00:06]}
Rad8 {[%clk 00:30:20]} {[%emt 00:00:34]} 23. Rfd1 {[%clk 00:30:47]} {[%emt
00:00:07]} Rxd4 {[%clk 00:30:17]} {[%emt 00:00:13]} 24. Rxd4 {[%clk 00:30:47]}
{[%emt 00:00:06]} c5 {[%clk 00:30:16]} {[%emt 00:00:11]} 25. Rd2 {[%clk
00:29:32]} {[%emt 00:01:24]} Qe7 {[%clk 00:29:15]} {[%emt 00:01:11]} 1/2-1/2

[Event "2023 National K-12 Grade Championships"]
[Site "Orlando, Florida, United States"]
[Date "2023.12.16"]
[Round "3.4"]
[White "Burton, Henry"]
[Black "Karthik, Advaith"]
[Result "1/2-1/2"]
[TimeControl "G/90;d10"]
[WhiteElo "2002"]
[BlackElo "2241"]

1. e4 {[%emt 00:02:25]} c5 {[%clk 01:27:41]} {[%emt 00:00:05]} 2. Nf3 {[%clk
01:30:00]} {[%emt 00:00:06]} Nc6 {[%clk 01:27:36]} {[%emt 00:00:14]} 3. d4
{[%clk 01:30:00]} {[%emt 00:00:11]} cxd4 {[%clk 01:27:36]} {[%emt 00:00:05]} 4.
Nxd4 {[%clk 01:30:00]} {[%emt 00:00:04]} Nf6 {[%clk 01:27:36]} {[%emt
00:00:05]} 5. Nc3 {[%clk 01:30:00]} {[%emt 00:00:06]} e5 {[%clk 01:27:36]}
{[%emt 00:00:05]} 6. Ndb5 {[%clk 01:30:00]} {[%emt 00:00:10]} d6 {[%clk
01:27:36]} {[%emt 00:00:05]} 7. Bg5 {[%clk 01:28:57]} {[%emt 00:01:13]} a6
{[%clk 01:27:36]} {[%emt 00:00:05]} 8. Na3 {[%clk 01:28:57]} {[%emt 00:00:05]}
b5 {[%clk 01:27:36]} {[%emt 00:00:03]} 9. Bxf6 {[%clk 01:28:09]} {[%emt
00:00:58]} gxf6 {[%clk 01:27:36]} {[%emt 00:00:01]} 10. Nd5 {[%clk 01:27:18]}
{[%emt 00:01:02]} Bg7 {[%emt 00:00:12]} 11. c3 {[%clk 01:24:31]} {[%emt
00:02:46]} f5 {[%emt 00:05:10]} 12. Bd3 {[%clk 01:19:52]} {[%emt 00:01:55]} Ne7
{[%clk 01:25:22]} {[%emt 00:00:17]} 13. Nxe7 {[%clk 01:18:33]} {[%emt
00:01:30]} Qxe7 {[%emt 00:01:58]} 14. O-O {[%clk 01:16:23]} {[%emt 00:00:23]}
O-O {[%emt 00:07:00]} 15. Qe2 {[%emt 00:01:43]} d5 {[%emt 00:02:29]} 16. exd5
{[%clk 01:07:22]} {[%emt 00:01:45]} e4 {[%emt 00:19:11]} 17. Bc2 {[%clk
00:48:24]} {[%emt 00:00:02]} b4 {[%clk 01:22:05]} {[%emt 00:00:09]} 18. Nc4
{[%clk 00:47:48]} {[%emt 00:00:46]} bxc3 {[%clk 01:22:05]} {[%emt 00:00:10]} 19.
bxc3 {[%emt 00:04:46]} Qc5 {[%emt 00:06:07]} 20. Rab1 {[%emt 00:07:34]} a5
{[%emt 00:05:33]} 21. Nb6 {[%emt 00:06:06]} Rb8 {[%emt 00:06:28]} 22. Na4
{[%clk 00:28:21]} {[%emt 00:00:48]} Qa7 {[%emt 00:00:42]} 23. Rxb8 {[%clk
00:27:49]} Qxb8 {[%emt 00:00:21]} 24. c4 {[%emt 00:00:47]} Ba6 {[%emt
00:02:13]} 25. Nc5 {[%clk 00:24:40]} {[%emt 00:00:18]} Bc8 {[%emt 00:03:43]} 26.
Na4 {[%clk 00:20:07]} {[%emt 00:01:03]} Qe5 {[%emt 00:03:29]} 27. Rd1 {[%emt
00:05:34]} Rd8 {[%emt 00:03:41]} 28. Kh1 {[%emt 00:02:54]} Ba6 {[%clk
00:55:56]} {[%emt 00:00:50]} 29. Nc5 {[%clk 00:13:35]} {[%emt 00:00:29]} Bc8
{[%clk 00:55:56]} 30. Na4 {[%clk 00:13:35]} {[%emt 00:00:06]} Ba6 {[%emt
00:03:49]} 31. Nc5 {[%clk 00:10:01]} {[%emt 00:00:09]} Bc8 {[%clk 00:55:51]}
{[%emt 00:00:01]} 1/2-1/2

[Event "2023 National K-12 Grade Championships"]
[Site "Orlando, Florida, United States"]
[Date "2023.12.16"]
[Round "3.5"]
[White "Chasin, Nico Werner"]
[Black "Mottola, Max"]
[Result "1-0"]
[TimeControl "G/90;d10"]
[WhiteElo "2514"]
[BlackElo "2141"]

1. d4 {[%clk 01:22:33]} {[%emt 00:07:37]} d5 {[%clk 01:30:00]} {[%emt
00:00:07]} 2. c4 {[%clk 01:22:33]} {[%emt 00:00:03]} c6 {[%clk 01:30:00]}
{[%emt 00:00:07]} 3. Nf3 {[%clk 01:22:33]} {[%emt 00:00:04]} Nf6 {[%clk
01:30:00]} {[%emt 00:00:06]} 4. Nc3 {[%clk 01:22:33]} {[%emt 00:00:04]} a6
{[%clk 01:26:15]} {[%emt 00:03:56]} 5. c5 {[%clk 01:22:05]} {[%emt 00:00:37]}
Nbd7 {[%clk 01:26:15]} {[%emt 00:00:07]} 6. Bf4 {[%clk 01:22:05]} {[%emt
00:00:10]} Nh5 {[%clk 01:26:15]} {[%emt 00:00:06]} 7. Bd2 {[%clk 01:22:05]}
{[%emt 00:00:03]} Nhf6 {[%clk 01:26:15]} {[%emt 00:00:08]} 8. Qc2 {[%clk
01:22:04]} {[%emt 00:00:10]} g6 {[%clk 01:26:04]} {[%emt 00:00:22]} 9. g3
{[%clk 01:22:04]} {[%emt 00:00:03]} Bg7 {[%clk 01:24:23]} {[%emt 00:01:50]} 10.
Bg2 {[%clk 01:22:04]} {[%emt 00:00:03]} O-O {[%clk 01:24:20]} {[%emt 00:00:13]}
11. O-O {[%clk 01:22:04]} {[%emt 00:00:04]} b6 {[%clk 01:24:03]} {[%emt
00:00:26]} 12. cxb6 {[%clk 01:20:19]} {[%emt 00:01:56]} Nxb6 {[%clk 01:24:03]}
{[%emt 00:00:07]} 13. Ne5 {[%clk 01:17:57]} {[%emt 00:02:32]} Bf5 {[%clk
01:23:47]} {[%emt 00:00:25]} 14. Qb3 {[%clk 01:10:38]} {[%emt 00:07:31]} Qc7
{[%clk 01:20:08]} {[%emt 00:03:50]} 15. Rac1 {[%clk 01:09:31]} {[%emt
00:01:16]} Rfb8 {[%clk 01:12:40]} {[%emt 00:07:38]} 16. Bf4 {[%clk 01:08:15]}
{[%emt 00:01:27]} Nh5 {[%clk 01:07:31]} {[%emt 00:05:19]} 17. Nxd5 {[%clk
01:02:09]} {[%emt 00:06:16]} Nxd5 {[%clk 01:07:12]} {[%emt 00:00:29]} 18. Qxd5
{[%clk 01:02:09]} {[%emt 00:00:06]} cxd5 {[%clk 01:06:30]} {[%emt 00:00:52]} 19.
Rxc7 {[%clk 01:02:09]} {[%emt 00:00:02]} Nxf4 {[%clk 01:03:35]} {[%emt
00:03:05]} 20. gxf4 {[%clk 01:02:09]} {[%emt 00:00:02]} Bxe5 {[%clk 00:58:32]}
{[%emt 00:05:13]} 21. fxe5 {[%clk 01:02:09]} {[%emt 00:00:02]} Rxb2 {[%clk
00:53:43]} {[%emt 00:04:57]} 22. Bxd5 {[%clk 01:02:09]} {[%emt 00:00:03]} Rd8
{[%clk 00:53:25]} {[%emt 00:00:28]} 23. e4 {[%clk 01:02:09]} {[%emt 00:00:01]}
Bh3 {[%clk 00:46:28]} {[%emt 00:07:07]} 24. Rxe7 {[%clk 01:02:01]} {[%emt
00:00:19]} Bxf1 {[%clk 00:46:15]} {[%emt 00:00:22]} 25. Kxf1 {[%clk 01:02:01]}
{[%emt 00:00:04]} Rd2 {[%clk 00:43:18]} {[%emt 00:03:06]} 26. Bb3 {[%clk
01:01:20]} {[%emt 00:00:51]} R2xd4 {[%clk 00:34:16]} {[%emt 00:09:12]} 27. Rxf7
{[%clk 01:01:19]} {[%emt 00:00:10]} Rd3 {[%clk 00:27:02]} {[%emt 00:07:24]} 28.
e6 {[%clk 00:59:52]} {[%emt 00:01:38]} Rxb3 {[%clk 00:23:25]} {[%emt 00:03:46]}
29. axb3 {[%clk 00:59:40]} {[%emt 00:00:22]} Rb8 {[%clk 00:21:44]} {[%emt
00:01:52]} 30. Ra7 {[%clk 00:58:59]} {[%emt 00:00:50]} 1-0

[Event "2023 National K-12 Grade Championships"]
[Site "Orlando, Florida, United States"]
[Date "2023.12.16"]
[Round "3.6"]
[White "Gupta, Arnav"]
[Black "Levine, Joseph"]
[Result "1/2-1/2"]
[TimeControl "G/90;d10"]
[WhiteElo "2143"]
[BlackElo "2415"]

1. b3 {[%clk 01:29:41]} {[%emt 00:00:29]} d5 {[%clk 01:28:14]} {[%emt
00:01:56]} 2. Bb2 {[%clk 01:29:41]} {[%emt 00:00:04]} c5 {[%clk 01:27:58]}
{[%emt 00:00:27]} 3. e3 {[%clk 01:29:36]} {[%emt 00:00:15]} a6 {[%clk
01:26:09]} {[%emt 00:02:00]} 4. Nf3 {[%clk 01:25:57]} {[%emt 00:03:48]} Nc6
{[%clk 01:25:27]} {[%emt 00:00:52]} 5. Be2 {[%clk 01:21:43]} {[%emt 00:04:23]}
Nf6 {[%clk 01:19:00]} {[%emt 00:06:37]} 6. O-O {[%clk 01:20:51]} {[%emt
00:01:02]} d4 {[%clk 01:14:16]} {[%emt 00:04:55]} 7. exd4 {[%clk 01:09:35]}
{[%emt 00:11:25]} cxd4 {[%clk 01:14:01]} {[%emt 00:00:26]} 8. Re1 {[%clk
01:08:10]} {[%emt 00:01:34]} g6 {[%clk 01:05:50]} {[%emt 00:08:21]} 9. c4
{[%clk 00:59:40]} {[%emt 00:08:39]} dxc3 {[%clk 00:58:02]} {[%emt 00:07:58]} 10.
dxc3 {[%clk 00:57:00]} {[%emt 00:02:50]} Qb6 {[%clk 00:56:54]} {[%emt
00:01:18]} 11. c4 {[%clk 00:51:54]} {[%emt 00:05:15]} Bg7 {[%clk 00:56:28]}
{[%emt 00:00:37]} 12. Nc3 {[%clk 00:46:27]} {[%emt 00:05:37]} O-O {[%clk
00:50:37]} {[%emt 00:06:00]} 13. Nd5 {[%clk 00:39:45]} {[%emt 00:06:54]} Nxd5
{[%clk 00:50:12]} {[%emt 00:00:35]} 14. Bxg7 {[%clk 00:39:45]} {[%emt
00:00:04]} Kxg7 {[%clk 00:49:27]} {[%emt 00:00:55]} 15. cxd5 {[%clk 00:38:08]}
{[%emt 00:01:46]} Rd8 {[%clk 00:47:25]} {[%emt 00:02:13]} 16. Bc4 {[%clk
00:37:02]} {[%emt 00:01:15]} e6 {[%clk 00:38:58]} {[%emt 00:08:38]} 17. Qd2
{[%clk 00:36:22]} {[%emt 00:00:50]} exd5 {[%clk 00:37:09]} {[%emt 00:01:59]} 18.
Bxd5 {[%clk 00:36:22]} {[%emt 00:00:02]} f6 {[%clk 00:32:17]} {[%emt 00:05:02]}
19. Rad1 {[%clk 00:35:00]} {[%emt 00:01:30]} Qc5 {[%clk 00:24:16]} {[%emt
00:08:13]} 20. Re4 {[%clk 00:28:27]} {[%emt 00:06:43]} Bf5 {[%clk 00:21:47]}
{[%emt 00:02:39]} 21. Rh4 {[%clk 00:26:14]} {[%emt 00:02:23]} h5 {[%clk
00:18:12]} {[%emt 00:03:45]} 22. Rc4 {[%clk 00:23:57]} {[%emt 00:02:26]} Qe7
{[%clk 00:12:05]} {[%emt 00:06:19]} 23. Re1 {[%clk 00:17:51]} {[%emt 00:06:15]}
Qf8 {[%clk 00:09:32]} {[%emt 00:02:43]} 24. Nh4 {[%clk 00:17:24]} {[%emt
00:00:37]} 1/2-1/2